Guerrilla rural y Operativo independencia /
En 1974, el ERP intentó atacar el cuartel del Regimiento Aerotransportado N.° 17. Tras un intenso combate, los guerrilleros se rindieron y los prisioneros fueron fusilados. Comenzó así el denominado Operativo Independencia: la guerra sucia contra la guerrilla rural.
Guardado en:
| Autor Principal: | |
|---|---|
| Autor Corporativo: | |
| Formato: | |
| Publicado: |
Argentina,
2010
|
| Series: | Crónicas De Archivo
|
| Materias: | |
| Etiquetas: |
Agregar Etiqueta
Sin Etiquetas, Sea el primero en etiquetar este registro!
|
| LEADER | 01207ngm a22003135g 4500 | ||
|---|---|---|---|
| 001 | CEM.cems023163 | ||
| 008 | 130507s2010##################0###0#####d | ||
| 005 | 20241218144214.0 | ||
| 245 | 1 | 0 | |a Guerrilla rural y Operativo independencia / |c Santiago Sein. |
| 260 | |a Argentina, |c 2010 | ||
| 300 | |a 29'. | ||
| 490 | 0 | |a Crónicas De Archivo | |
| 500 | |a Consultar en ventanilla. | ||
| 520 | |a En 1974, el ERP intentó atacar el cuartel del Regimiento Aerotransportado N.° 17. Tras un intenso combate, los guerrilleros se rindieron y los prisioneros fueron fusilados. Comenzó así el denominado Operativo Independencia: la guerra sucia contra la guerrilla rural. | ||
| 538 | |a Soporte: DVD - Color: Si - Grabación DRD | ||
| 590 | |a Identificación anterior registrada en SIABUC: DVD Nº 59B | ||
| 100 | 1 | |a Sein, Santiago | |
| 710 | 2 | |a Canal Encuentro. | |
| 082 | 9 | 8 | |/ SEI-2 |
| 653 | |a HISTORIA | ||
| 653 | |a HISTORIA ARGENTINA | ||
| 653 | |a BUSSI | ||
| 653 | |a TUCUMÁN | ||
| 653 | |a GUERRILLA | ||
| 653 | |a DECADA DEL 70' | ||
| 653 | |a SERIE DE TELEVISIÓN | ||
| 653 | |a NIVEL PRIMARIO | ||
| 653 | |a NIVEL SECUNDARIO | ||
| 859 | |a CEMS |b BIB. CEMS - Depto. Recursos Didacticos |h 982 |i SEI-2 |k DRD |p 1806.13 |t Ej.1 | ||
